000 00591nam a2200241Ia 4500
003 OSt
005 20220918200724.0
006 a|||||r|||| 00| 0
007 ta
008 220917b |||||||| |||| 00| 0 eng d
024 _a90,005
037 _cTextual
040 _aARTS
_cARTS
_beng
041 _2eng
_aeng
082 _aU8.41.N7, L4
100 _aLeys S
_995298
245 0 _aChinese shadows
260 _aN York
_bViking
_c1974
300 _axvii, 220p.
_ccm.
650 _aGEOGRAPHY
942 _hU8.41.N7, L4
_cTEXL
_2CC
999 _c213674
_d213674